01109nam a2200265 i 4500001000700000003000900007005001700016008004100033017001700074245015400091260004800245300002600293490004500319500001500364505013200379700001900511700003400530700004100564700004700605740003100652740003000683740006700713830004200780852002100822171236ES-MaACL20251212171855.0090506s1962 sp |||| | spa d aM 17118-196200aTratados espirituales / cMelchor Cano, Domingo de Soto, Juan de la Cruz ; estudio preliminar y edición preparada por Vicente Beltrán de Heredia. aMadrid : bLa Editorial Católica, c1962. aXI, 512 p. ; c20 cm.1 aBiblioteca de autores cristianos ; v221 aÍndices.8 aContiene : La victoria de sí mismo ; Tratado del amor de Dios ; Diálogo sobre la necesidad y provecho de la oración vocal1 aCano, Melchor.1 aSoto, Domingo de, d1495-15600 aJuan de la Cruz, cSanto,d1542-15911 aBeltrán de Heredia, Vicente, d1885-19730 aLa victoria de sí mismo.0 aTratado del amor de Dios.0 aDiálogo sobre la necesidad y provecho de la oración vocal.00aBiblioteca de autores cristianosv221 aES-MaACLjJ-216